[Event "FIDE Olympiad Disabilties 2020"]
[Site "Online"]
[Date "2020.11.21"]
[Round "1.13"]
[White "Makwana, Ashvin K"]
[Black "Mukha, Nikolay"]
[Result "0-1"]
[WhiteElo "1768"]
[BlackElo "2163"]
[Annotator "NA"]
[PlyCount "50"]
[EventDate "2020.11.21"]
[EventType "team-tourn"]
[EventCountry "NET"]
[SourceTitle "playchess.com"]
[Source "ChessBase"]
[SourceQuality "1"]
[WhiteTeam "India"]
[BlackTeam "Ukraine"]
[WhiteTeamCountry "IND"]
[BlackTeamCountry "UKR"]

1. d4 Nf6 2. Bf4 d5 3. Nc3 e6 4. e3 Bd6 5. Bg3 O-O 6. Nf3 b6 7. Bd3 Ba6 8. O-O Bxd3 9. cxd3 Bxg3 10. hxg3 c5 11. e4 Nc6 12. dxc5 bxc5 13. exd5 exd5 14. d4 c4 15. Re1 Qa5 16. Ne5 Rac8 17. g4 h6 18. Nxc6 Rxc6 19. Re5 Rb8 20. Qd2 Rd6 21. g5 hxg5 22. Rxg5 Qb4 23. Rb1 Ne4 24. Nxe4 dxe4 25. Rg3 Qxd2 0-1

[Event "FIDE Olympiad Disabilties 2020"]
[Site "Online"]
[Date "2020.11.21"]
[Round "1.13"]
[White "Krishna, Udupa"]
[Black "Solomna, Svitlana"]
[Result "1-0"]
[WhiteElo "1733"]
[BlackElo "1434"]
[Annotator "NA"]
[PlyCount "105"]
[EventDate "2020.11.21"]
[EventType "team-tourn"]
[EventCountry "NET"]
[SourceTitle "playchess.com"]
[Source "ChessBase"]
[SourceQuality "1"]
[WhiteTeam "India"]
[BlackTeam "Ukraine"]
[WhiteTeamCountry "IND"]
[BlackTeamCountry "UKR"]

1. e4 e5 2. Nf3 Nc6 3. Bb5 a6 4. Ba4 Nf6 5. d3 h6 6. Nbd2 Be7 7. Nf1 b5 8. Bb3 d6 9. c3 O-O 10. Ng3 Na5 11. Bc2 c5 12. O-O Nc6 13. h3 Be6 14. Re1 Qc7 15. Nh2 Rfd8 16. Qf3 d5 17. Ng4 Nxg4 18. hxg4 d4 19. Nf5 Bf6 20. Nxh6+ Kf8 21. Nf5 Bxf5 22. gxf5 Ke7 23. g4 Bh4 24. g5 Qd6 25. Kg2 Rh8 26. Rh1 Rh7 27. Qg4 Rah8 28. Bb3 Rh5 29. Rh2 a5 30. Bd5 Nb8 31. Bd2 f6 32. gxf6+ Qxf6 33. Rah1 Nd7 34. f3 Nb6 35. Be6 dxc3 36. bxc3 Nd7 37. Kf1 Nf8 38. Be1 Qh6 39. Bxh4+ Kd6 40. Be7+ Kxe7 41. Rxh5 Qc1+ 42. Kf2 Qd2+ 43. Kg3 Rxh5 44. Rxh5 Qe1+ 45. Kg2 Qe2+ 46. Kh3 Qf1+ 47. Kh2 Qf2+ 48. Qg2 Qe3 49. Qxg7+ Kd6 50. Qxf8+ Kc7 51. Rh7+ Kb6 52. Qb8+ Kc6 53. Bd5# 1-0

[Event "FIDE Olympiad Disabilties 2020"]
[Site "Online"]
[Date "2020.11.21"]
[Round "1.14"]
[White "Abatantuono Lattarulo, Giuseppe"]
[Black "Krishna Reddy Garugu"]
[Result "0-1"]
[WhiteElo "2112"]
[BlackElo "1475"]
[Annotator "NA"]
[PlyCount "180"]
[EventDate "2020.11.21"]
[EventType "team-tourn"]
[EventCountry "NET"]
[SourceTitle "playchess.com"]
[Source "ChessBase"]
[SourceQuality "1"]
[WhiteTeam "Venezuela"]
[BlackTeam "India"]
[WhiteTeamCountry "VEN"]
[BlackTeamCountry "IND"]

1. e4 c5 2. Nf3 d6 3. d3 Nc6 4. g3 g6 5. Bg2 Bg7 6. O-O e5 7. Nc3 Nge7 8. Nh4 O-O 9. f4 exf4 10. Bxf4 a6 11. Qd2 Nd4 12. Nf3 Nxf3+ 13. Bxf3 Nc6 14. Rab1 Nd4 15. Bg2 Be6 16. Nd5 Bxd5 17. exd5 Nf5 18. c3 Be5 19. Bxe5 dxe5 20. Rbe1 f6 21. Be4 Ng7 22. c4 Rb8 23. b3 Qd6 24. Bg2 b6 25. Bh3 a5 26. a4 Rbe8 27. Qe3 Re7 28. g4 g5 29. Bg2 h6 30. Be4 Ne8 31. Rf3 Kg7 32. Ref1 Ref7 33. Rh3 Rh8 34. Rh5 Qe7 35. h4 Rff8 36. Kg2 Nd6 37. hxg5 fxg5 38. Bf5 Nxf5 39. gxf5 Qf6 40. Qe4 Kf7 41. Kg3 Ke7 42. Kg4 Kd6 43. Rfh1 Rf7 44. R1h3 Rfh7 45. Rf3 Rf7 46. Qe1 Re7 47. Qe4 Rf7 48. Rf1 Rfh7 49. Rb1 Rf7 50. d4 exd4 51. Qe6+ Qxe6 52. dxe6 Rf6 53. Rh3 Rhf8 54. Rf3 Ke7 55. Re1 Rd8 56. Rd3 Rdf8 57. Re5 Rb8 58. Rd5 Rb7 59. Rh3 Rc7 60. Kf3 Rb7 61. Ke4 Rc7 62. Ke5 Rb7 63. Rh2 Rc7 64. Rh5 Rb7 65. Rh2 Rc7 66. Rf2 Rb7 67. Rd6 g4 68. Rg2 h5 69. Rh2 Rxf5+ 70. Kxf5 Kxd6 71. Rxh5 Re7 72. Rh6 g3 73. Rg6 g2 74. Rxg2 Rxe6 75. Rg8 Re3 76. Rg6+ Kc7 77. Rg7+ Kb8 78. Rd7 Rxb3 79. Ke5 Rh3 80. Kd5 Rh4 81. Kc6 Rh6+ 82. Kb5 Kc8 83. Rd5 Kc7 84. Rg5 Rd6 85. Rg7+ Rd7 86. Rg2 d3 87. Rd2 Rd4 88. Ka6 Kc6 89. Ka7 Rd8 90. Ka6 Ra8# 0-1

[Event "FIDE Olympiad Disabilties 2020"]
[Site "Online"]
[Date "2020.11.21"]
[Round "1.14"]
[White "Descarrega Zacarias, Vanessa"]
[Black "Kavlekar, Sanjay R."]
[Result "0-1"]
[WhiteElo "1828"]
[BlackElo "1730"]
[Annotator "NA"]
[PlyCount "102"]
[EventDate "2020.11.21"]
[EventType "team-tourn"]
[EventCountry "NET"]
[SourceTitle "playchess.com"]
[Source "ChessBase"]
[SourceQuality "1"]
[WhiteTeam "Venezuela"]
[BlackTeam "India"]
[WhiteTeamCountry "VEN"]
[BlackTeamCountry "IND"]

1. e4 d6 2. d4 Nf6 3. Nc3 g6 4. Nf3 Bg7 5. Be3 Ng4 6. Bf4 e5 7. dxe5 Nxe5 8. Nxe5 Bxe5 9. Bxe5 dxe5 10. Qxd8+ Kxd8 11. O-O-O+ Bd7 12. Nd5 c6 13. Ne3 Ke7 14. Nc4 f6 15. Nd6 b6 16. Be2 Be6 17. Rd2 Nd7 18. Rhd1 Nc5 19. b3 b5 20. a4 a6 21. Kb2 Rhd8 22. g3 Rd7 23. f4 Rad8 24. fxe5 fxe5 25. axb5 axb5 26. Nc4 bxc4 27. Rxd7+ Rxd7 28. Rxd7+ Nxd7 29. b4 Nb6 30. Ka3 c3 31. Bd3 Bc4 32. Bxc4 Nxc4+ 33. Kb3 Nd2+ 34. Kxc3 Nxe4+ 35. Kc4 Kd6 36. Kd3 Nf2+ 37. Ke2 Ng4 38. h3 Nf6 39. c4 Ne4 40. g4 Nf6 41. Ke3 g5 42. Kd3 Nd7 43. Ke4 Ke6 44. Ke3 Nb6 45. Kd3 Nc8 46. b5 cxb5 47. cxb5 Kd5 48. Ke3 e4 49. Kd2 Nd6 50. b6 Kc6 51. b7 Kxb7 0-1

[Event "FIDE Olympiad Disabilties 2020"]
[Site "Online"]
[Date "2020.11.21"]
[Round "1.14"]
[White "Marimuthu K"]
[Black "Otero Munelo, Harlen Jose"]
[Result "1-0"]
[WhiteElo "1588"]
[BlackElo "2125"]
[Annotator "NA"]
[PlyCount "87"]
[EventDate "2020.11.21"]
[EventType "team-tourn"]
[EventCountry "NET"]
[SourceTitle "playchess.com"]
[Source "ChessBase"]
[SourceQuality "1"]
[WhiteTeam "India"]
[BlackTeam "Venezuela"]
[WhiteTeamCountry "IND"]
[BlackTeamCountry "VEN"]

1. d4 Nf6 2. c4 e6 3. Nc3 Bb4 4. Qc2 c5 5. dxc5 Bxc5 6. e3 O-O 7. Nf3 Be7 8. Bd3 d6 9. O-O a6 10. a3 b6 11. Rd1 Bb7 12. e4 Qc7 13. Bg5 Nbd7 14. Rac1 Rac8 15. b4 Qb8 16. Qe2 Rfe8 17. h3 Bf8 18. Bf4 Ne5 19. Nxe5 dxe5 20. Bg5 Be7 21. Na4 Bc6 22. Nb2 a5 23. b5 Ba8 24. a4 Nd7 25. Bxe7 Rxe7 26. Bc2 Nc5 27. Rd2 Rd8 28. Rcd1 Rxd2 29. Rxd2 Qc7 30. Qd1 Rd7 31. f3 Rxd2 32. Qxd2 f6 33. Kf1 Kf7 34. Nd3 Ke7 35. Nxc5 Qxc5 36. Qc3 Bb7 37. Bd1 Qd4 38. Qxd4 exd4 39. Ke2 Kd6 40. Kd3 Kc5 41. Bc2 e5 42. Bd1 Bc8 43. Bb3 Kb4 44. Ba2 1-0

[Event "FIDE Olympiad Disabilties 2020"]
[Site "Online"]
[Date "2020.11.21"]
[Round "1.14"]
[White "Malika, Handa"]
[Black "Rivas Cabrera, Edgar"]
[Result "0-1"]
[WhiteElo "1345"]
[BlackElo "2019"]
[Annotator "NA"]
[PlyCount "116"]
[EventDate "2020.11.21"]
[EventType "team-tourn"]
[EventCountry "NET"]
[SourceTitle "playchess.com"]
[Source "ChessBase"]
[SourceQuality "1"]
[WhiteTeam "India"]
[BlackTeam "Venezuela"]
[WhiteTeamCountry "IND"]
[BlackTeamCountry "VEN"]

1. e4 c5 2. Nf3 Nc6 3. d4 cxd4 4. Nxd4 g6 5. Nc3 Bg7 6. Be3 Nf6 7. Be2 O-O 8. Qd2 d6 9. f3 d5 10. exd5 Nxd5 11. Nxc6 bxc6 12. O-O Nxe3 13. Qxd8 Rxd8 14. Rfc1 Bxc3 15. bxc3 Be6 16. Kf2 Nd5 17. c4 Nb6 18. c5 Na4 19. a3 Nxc5 20. Rd1 Bf5 21. Rxd8+ Rxd8 22. Rd1 Rxd1 23. Bxd1 e5 24. g4 Be6 25. Ke3 f6 26. Be2 Kf7 27. Kd2 a5 28. Kc3 Ke7 29. h3 Kd6 30. Bf1 Na4+ 31. Kd3 Kc5 32. Ke4 Bd5+ 33. Ke3 Nb2 34. Be2 Nc4+ 35. Kd3 Nxa3 36. Kc3 Nb5+ 37. Kb2 a4 38. Ka1 Nc3 39. Bd3 Bxf3 40. Kb2 Kb4 41. Bf1 e4 42. Ka1 e3 43. Ba6 e2 44. Bxe2 Bxe2 45. Kb2 g5 46. h4 gxh4 47. g5 fxg5 48. Ka1 Nd5 49. Kb2 h3 50. c3+ Kc5 51. Kc2 h2 52. Kd2 Nxc3 53. Kxc3 h1=Q 54. Kb2 Qh3 55. Kc2 Kd4 56. Kb2 Bc4 57. Kb1 Qh2 58. Ka1 Qa2# 0-1

[Event "FIDE Olympiad Disabilties 2020"]
[Site "Online"]
[Date "2020.11.21"]
[Round "1.15"]
[White "Piekielny, Pawel"]
[Black "Garzon Zapatanga, Christopher Leonel"]
[Result "1/2-1/2"]
[WhiteElo "2098"]
[BlackElo "1697"]
[Annotator "NA"]
[PlyCount "108"]
[EventDate "2020.11.21"]
[EventType "team-tourn"]
[EventCountry "NET"]
[SourceTitle "playchess.com"]
[Source "ChessBase"]
[SourceQuality "1"]
[WhiteTeam "Poland"]
[BlackTeam "Ecuador"]
[WhiteTeamCountry "POL"]
[BlackTeamCountry "ECU"]

1. e4 c5 2. Nf3 d6 3. d4 cxd4 4. Nxd4 Nf6 5. Nc3 g6 6. Be3 Bg7 7. f3 Nc6 8. Qd2 O-O 9. g4 Bxg4 10. fxg4 Nxg4 11. Nxc6 bxc6 12. O-O-O Nxe3 13. Qxe3 Qa5 14. Bc4 Rab8 15. Rhf1 Qb4 16. Bb3 a5 17. a3 Qb7 18. h4 c5 19. Qd3 e6 20. Qc4 Bxc3 21. bxc3 a4 22. Qxa4 Ra8 23. Qc4 Rxa3 24. Rxd6 Rfa8 25. Rfd1 Ra1+ 26. Kd2 Rxd1+ 27. Kxd1 Qe7 28. e5 Qb7 29. Kd2 Ra1 30. Qf4 Qg2+ 31. Kd3 Rd1+ 32. Kc4 Rxd6 33. exd6 Qd5+ 34. Kb5 c4+ 35. Kb4 cxb3 36. cxb3 e5 37. Qf6 Qb7+ 38. Kc5 Qa7+ 39. Kc6 Qa6+ 40. Kd7 Qb7+ 41. Ke8 Qc8+ 42. Ke7 Qf8+ 43. Kd7 e4 44. Kc7 Qa8 45. d7 Qa7+ 46. Kd6 Qb8+ 47. Kc6 Qa8+ 48. Kb6 Qb8+ 49. Ka6 Qa8+ 50. Kb6 Qb8+ 51. Kc5 Qa7+ 52. Kd6 Qb8+ 53. Kd5 Qb5+ 54. Kd6 Qb8+ 1/2-1/2

[Event "FIDE Olympiad Disabilties 2020"]
[Site "Online"]
[Date "2020.11.21"]
[Round "1.15"]
[White "Lukasik, Zuzanna"]
[Black "Nevarez Castro, Andres"]
[Result "1/2-1/2"]
[WhiteElo "1643"]
[BlackElo "1250"]
[Annotator "NA"]
[PlyCount "156"]
[EventDate "2020.11.21"]
[EventType "team-tourn"]
[EventCountry "NET"]
[SourceTitle "playchess.com"]
[Source "ChessBase"]
[SourceQuality "1"]
[WhiteTeam "Poland"]
[BlackTeam "Ecuador"]
[WhiteTeamCountry "POL"]
[BlackTeamCountry "ECU"]

1. e4 c5 2. Nf3 e6 3. d4 cxd4 4. Nxd4 a6 5. Bd3 Bc5 6. Nb3 Be7 7. Nc3 Qc7 8. O-O d6 9. Be3 Nd7 10. a4 b6 11. f4 Bb7 12. Qe2 Ngf6 13. Bf2 h5 14. a5 b5 15. Rfc1 h4 16. h3 g6 17. Nd1 Nc5 18. Nd2 Qc6 19. Bxc5 dxc5 20. c4 b4 21. Nf2 Nh5 22. Qf3 O-O-O 23. Qe3 Kb8 24. Be2 Ng3 25. Bf3 Qc7 26. Rd1 Rhg8 27. Nb3 Nh5 28. Nd3 Rc8 29. e5 Ng3 30. Nf2 Nf5 31. Qd3 Rcd8 32. Qe2 g5 33. Bxb7 Kxb7 34. Qf3+ Qc6 35. Ne4 Kc7 36. fxg5 Bxg5 37. Nxg5 Rxd1+ 38. Rxd1 Rxg5 39. Qxc6+ Kxc6 40. Re1 Rg3 41. Nd2 Rd3 42. Re2 Kd7 43. Ne4 Kc6 44. Nd2 Rg3 45. Kf2 Rd3 46. Nf3 Nd4 47. Rd2 Rxd2+ 48. Nxd2 Kd7 49. Ke3 Nc6 50. g3 Nxe5 51. gxh4 f5 52. b3 Ke7 53. Kf4 Kf6 54. h5 Nc6 55. h4 Nxa5 56. h6 Nc6 57. h5 e5+ 58. Ke3 Ne7 59. Nf3 e4 60. Nh4 Kf7 61. Kf4 Kg8 62. Nxf5 Nxf5 63. Kxe4 Nxh6 64. Kd5 Nf5 65. Kxc5 a5 66. Kb5 Nd4+ 67. Kxa5 Nxb3+ 68. Kxb4 Nd4 69. c5 Kh7 70. Kc4 Nc6 71. Kd5 Na7 72. Kd6 Kh6 73. Kc7 Kxh5 74. Kb6 Nc8+ 75. Kb7 Ne7 76. Kc7 Kg6 77. Kd7 Kf6 78. c6 Nxc6 1/2-1/2

[Event "FIDE Olympiad Disabilties 2020"]
[Site "Online"]
[Date "2020.11.21"]
[Round "1.15"]
[White "Jacome, Esteban"]
[Black "Szalko, Maciej"]
[Result "0-1"]
[WhiteElo "1549"]
[BlackElo "1946"]
[Annotator "NA"]
[PlyCount "114"]
[EventDate "2020.11.21"]
[EventType "team-tourn"]
[EventCountry "NET"]
[SourceTitle "playchess.com"]
[Source "ChessBase"]
[SourceQuality "1"]
[WhiteTeam "Ecuador"]
[BlackTeam "Poland"]
[WhiteTeamCountry "ECU"]
[BlackTeamCountry "POL"]

1. e4 c5 2. Nf3 e6 3. d4 cxd4 4. Nxd4 Nf6 5. Nc3 d6 6. Bg5 a6 7. Qd2 Be7 8. f3 b5 9. Be3 Bb7 10. Be2 Nbd7 11. O-O h5 12. Nd1 h4 13. Nf2 Rc8 14. a4 bxa4 15. Rxa4 Nc5 16. Ra2 Qc7 17. b4 Ncd7 18. Bxa6 Ne5 19. Rfa1 Nc4 20. Bxc4 Qxc4 21. Ra7 Bc6 22. Nxc6 Qxc6 23. R7a6 Qc4 24. R6a2 d5 25. c3 O-O 26. Bd4 dxe4 27. Nxe4 Rfd8 28. Qg5 Rd5 29. Qxh4 e5 30. Bf2 Qb3 31. Be1 Bd8 32. Qf2 Nd7 33. Qc2 Qc4 34. Qe2 Qc6 35. Qa6 Bb6+ 36. Bf2 f5 37. Bxb6 Nxb6 38. Nc5 Rd6 39. Qe2 Nd5 40. Qxe5 Rg6 41. Ra6 Nb6 42. Qe3 Re8 43. Qf2 Qf6 44. Re1 Rd8 45. Ne6 Nd5 46. Nxd8 Qxa6 47. Qh4 Qb6+ 48. Kh1 Rh6 49. Qd4 Qxd8 50. c4 Kh7 51. Qxd5 Qh4 52. Qxf5+ Rg6 53. Rg1 Qxc4 54. Qh5+ Rh6 55. Qf5+ Kg8 56. Qc5 Rxh2+ 57. Kxh2 Qh4# 0-1

[Event "FIDE Olympiad Disabilties 2020"]
[Site "Online"]
[Date "2020.11.21"]
[Round "1.15"]
[White "Delgado Tigasi, Andrea"]
[Black "Checiak, Krzysztof"]
[Result "0-1"]
[WhiteElo "1243"]
[BlackElo "1967"]
[Annotator "NA"]
[PlyCount "38"]
[EventDate "2020.11.21"]
[EventType "team-tourn"]
[EventCountry "NET"]
[SourceTitle "playchess.com"]
[Source "ChessBase"]
[SourceQuality "1"]
[WhiteTeam "Ecuador"]
[BlackTeam "Poland"]
[WhiteTeamCountry "ECU"]
[BlackTeamCountry "POL"]

1. d4 Nf6 2. c4 e6 3. Nc3 d5 4. Nf3 c6 5. e3 Bd6 6. Bd3 O-O 7. O-O dxc4 8. Bxc4 Nbd7 9. e4 e5 10. Bg5 Qc7 11. Rc1 exd4 12. Qxd4 Ng4 13. h3 Nge5 14. Nd2 Bc5 15. Nd5 cxd5 16. Qxd5 Nxc4 17. Rxc4 Qd6 18. Rxc5 Qxc5 19. Qb3 Qxg5 0-1

[Event "FIDE Olympiad Disabilties 2020"]
[Site "Online"]
[Date "2020.11.21"]
[Round "1.16"]
[White "Kozhabekov, Adilkhan"]
[Black "Le, Van Viet"]
[Result "1-0"]
[WhiteElo "2080"]
[BlackElo "1438"]
[Annotator "NA"]
[PlyCount "37"]
[EventDate "2020.11.21"]
[EventType "team-tourn"]
[EventCountry "NET"]
[SourceTitle "playchess.com"]
[Source "ChessBase"]
[SourceQuality "1"]
[WhiteTeam "Kazakhstan"]
[BlackTeam "Vietnam"]
[WhiteTeamCountry "KAZ"]
[BlackTeamCountry "VIE"]

1. e4 c5 2. Nc3 d6 3. f4 Nc6 4. Nf3 g6 5. Bb5 Bg7 6. Bxc6+ bxc6 7. O-O Bd7 8. d3 Nf6 9. Qe1 O-O 10. Qh4 Qc7 11. f5 gxf5 12. Bh6 Bxh6 13. Qxh6 f4 14. Ng5 Rfb8 15. Rxf4 Be6 16. Rxf6 exf6 17. Qxh7+ Kf8 18. Nxe6+ fxe6 19. Qxc7 1-0

[Event "FIDE Olympiad Disabilties 2020"]
[Site "Online"]
[Date "2020.11.21"]
[Round "1.16"]
[White "Nguyen, Van Quan"]
[Black "Soltanov, Serik"]
[Result "1/2-1/2"]
[WhiteElo "1783"]
[BlackElo "2266"]
[Annotator "ChessBase"]
[PlyCount "52"]
[EventDate "2020.11.21"]
[EventType "team-tourn"]
[EventCountry "NET"]
[SourceTitle "playchess.com"]
[Source "ChessBase"]
[SourceQuality "1"]
[WhiteTeam "Vietnam"]
[BlackTeam "Kazakhstan"]
[WhiteTeamCountry "VIE"]
[BlackTeamCountry "KAZ"]

1. d4 d5 2. Nf3 Nf6 3. c4 e6 4. Nc3 Be7 5. Bf4 O-O 6. e3 c6 7. c5 Nbd7 8. Bd3 Nh5 9. O-O Nxf4 10. exf4 f5 11. Re1 Nf6 12. Ne5 Ne4 13. Ne2 Bd7 14. f3 Nf6 15. Ng3 Re8 16. Qe2 Bf8 17. b4 Qc7 18. Qc2 b6 19. Ne2 bxc5 20. bxc5 Qa5 21. Reb1 Rab8 22. Qc3 Qa4 23. Bc2 Qa6 24. Bd3 Qa4 25. Bc2 Qa6 26. Bd3 Qa4 1/2-1/2

[Event "FIDE Olympiad Disabilties 2020"]
[Site "Online"]
[Date "2020.11.21"]
[Round "1.17"]
[White "Wolanski, Michal"]
[Black "Ozgur, Ayhan"]
[Result "1-0"]
[WhiteElo "2029"]
[BlackElo "1426"]
[Annotator "NA"]
[PlyCount "79"]
[EventDate "2020.11.21"]
[EventType "team-tourn"]
[EventCountry "NET"]
[SourceTitle "playchess.com"]
[Source "ChessBase"]
[SourceQuality "1"]
[WhiteTeam "Poland"]
[BlackTeam "Turkey"]
[WhiteTeamCountry "POL"]
[BlackTeamCountry "TUR"]

1. c4 Nf6 2. g3 e5 3. Bg2 Bc5 4. Nc3 c6 5. d3 O-O 6. Nf3 d6 7. O-O Nbd7 8. a3 d5 9. cxd5 cxd5 10. b4 Bb6 11. Nd2 d4 12. Nce4 Nxe4 13. Bxe4 Nf6 14. Bg2 Re8 15. Nc4 Bc7 16. Bb2 b5 17. Bxa8 bxc4 18. dxc4 Ba6 19. Bg2 Bxc4 20. Rc1 Bb5 21. a4 Bd7 22. b5 Bb6 23. Ba3 e4 24. Bc5 Bxc5 25. Rxc5 e3 26. f4 Be6 27. f5 Bd7 28. Qxd4 Nh5 29. Rd1 Re7 30. Bc6 Qb8 31. Qd6 Qxd6 32. Rxd6 g6 33. Bxd7 gxf5 34. Bxf5 Kg7 35. Bxh7 Kxh7 36. Rxh5+ Kg7 37. Rhd5 Rc7 38. Kg2 f6 39. Rd7+ Rxd7 40. Rxd7+ 1-0

[Event "FIDE Olympiad Disabilties 2020"]
[Site "Online"]
[Date "2020.11.21"]
[Round "1.17"]
[White "Yildirim, Seyfettin Cagri"]
[Black "Dukaczewski, Piotr"]
[Result "0-1"]
[WhiteElo "1516"]
[BlackElo "2163"]
[Annotator "NA"]
[PlyCount "104"]
[EventDate "2020.11.21"]
[EventType "team-tourn"]
[EventCountry "NET"]
[SourceTitle "playchess.com"]
[Source "ChessBase"]
[SourceQuality "1"]
[WhiteTeam "Turkey"]
[BlackTeam "Poland"]
[WhiteTeamCountry "TUR"]
[BlackTeamCountry "POL"]

1. e4 e5 2. Nf3 Nc6 3. Bc4 Bc5 4. O-O Nf6 5. d3 O-O 6. c3 Bb6 7. Re1 d6 8. Bb3 h6 9. Nbd2 Bg4 10. Nf1 Re8 11. Ng3 Qd7 12. h3 Be6 13. Bc2 d5 14. Qe2 Rad8 15. exd5 Nxd5 16. Ne4 f5 17. Ng3 Nf4 18. Bxf4 exf4 19. Nf1 Bd5 20. Qd1 Rxe1 21. Nxe1 Ne5 22. d4 Ng6 23. Bb3 Kh8 24. Bxd5 Qxd5 25. Nf3 c5 26. N1h2 cxd4 27. Nxd4 Ne5 28. Nhf3 Nxf3+ 29. Qxf3 Bxd4 30. cxd4 Qxf3 31. gxf3 Rxd4 32. Rc1 Rd2 33. Rb1 Kh7 34. Kf1 Kg6 35. Kg2 Kf6 36. Kf1 g5 37. Ke1 Rc2 38. Kf1 b5 39. Ke1 a5 40. Kf1 a4 41. Ke1 b4 42. a3 b3 43. Kf1 h5 44. Kg2 Ke5 45. Kf1 Kd4 46. Ke1 g4 47. hxg4 fxg4 48. fxg4 hxg4 49. Kf1 Ke4 50. Kg2 g3 51. Rf1 Rxb2 52. Kh3 Rxf2 0-1

[Event "FIDE Olympiad Disabilties 2020"]
[Site "Online"]
[Date "2020.11.21"]
[Round "1.17"]
[White "Ozturk, Busra"]
[Black "Tryjanska, Emilia"]
[Result "0-1"]
[WhiteElo "1100"]
[BlackElo "1425"]
[Annotator "NA"]
[PlyCount "84"]
[EventDate "2020.11.21"]
[EventType "team-tourn"]
[EventCountry "NET"]
[SourceTitle "playchess.com"]
[Source "ChessBase"]
[SourceQuality "1"]
[WhiteTeam "Turkey"]
[BlackTeam "Poland"]
[WhiteTeamCountry "TUR"]
[BlackTeamCountry "POL"]

1. e4 e5 2. Nf3 Nc6 3. Bc4 Nf6 4. Ng5 d5 5. exd5 Na5 6. Be2 Nxd5 7. d3 Be7 8. Nf3 Nc6 9. c4 Nf6 10. h3 Bf5 11. O-O O-O 12. Nc3 Qd7 13. Qb3 Rab8 14. Be3 a6 15. Nd5 Nxd5 16. cxd5 Na5 17. Qc3 Qxd5 18. Nxe5 Bf6 19. d4 Bxe5 20. dxe5 Nc6 21. Bf3 Qxe5 22. Rac1 Qxc3 23. Rxc3 Ne5 24. Be2 Nc6 25. Rfc1 Rfd8 26. Bf4 Rd7 27. Bf3 Nd4 28. Bxc7 Nxf3+ 29. gxf3 Re8 30. Kg2 Re2 31. Bf4 h6 32. Be3 Rxb2 33. a3 Rd6 34. Rc5 Rg6+ 35. Kh2 Ra2 36. Rxf5 Rxa3 37. Rc8+ Kh7 38. Rxf7 Ra1 39. Bd4 Rag1 40. h4 R6g2+ 41. Kh3 Rg6 42. Rff8 Rh1# 0-1

[Event "FIDE Olympiad Disabilties 2020"]
[Site "Online"]
[Date "2020.11.21"]
[Round "1.18"]
[White "Gora, Tapiwa"]
[Black "Gonzalez Astete, Cristian"]
[Result "1-0"]
[WhiteElo "1929"]
[BlackElo "2130"]
[Annotator "NA"]
[PlyCount "67"]
[EventDate "2020.11.21"]
[EventType "team-tourn"]
[EventCountry "NET"]
[SourceTitle "playchess.com"]
[Source "ChessBase"]
[SourceQuality "1"]
[WhiteTeam "Zimbabwe"]
[BlackTeam "Chile"]
[WhiteTeamCountry "ZIM"]
[BlackTeamCountry "CHI"]

1. e4 c5 2. Nf3 d6 3. d4 cxd4 4. Nxd4 Nf6 5. Nc3 a6 6. Bg5 e6 7. f4 h6 8. Bh4 Be7 9. Qf3 Qc7 10. O-O-O Nbd7 11. Bd3 g5 12. fxg5 Ne5 13. Qe2 Nh7 14. Nf3 Ng6 15. Bg3 Nxg5 16. h4 Nxf3 17. gxf3 Bd7 18. f4 O-O-O 19. h5 Nf8 20. f5 Bg5+ 21. Kb1 Bc6 22. Rhf1 Nd7 23. Bc4 Rhe8 24. fxe6 fxe6 25. Bxd6 Qa5 26. b4 Qa3 27. b5 Qxc3 28. bxc6 Nb6 29. cxb7+ Kxb7 30. Bxa6+ Ka7 31. Rf7+ Nd7 32. Qb5 Rb8 33. Rxd7+ Ka8 34. Bb7+ 1-0

[Event "FIDE Olympiad Disabilties 2020"]
[Site "Online"]
[Date "2020.11.21"]
[Round "1.19"]
[White "Sauti Harry"]
[Black "Vaduva, Emil-Peter"]
[Result "0-1"]
[WhiteElo "1683"]
[BlackElo "1968"]
[Annotator "NA"]
[PlyCount "54"]
[EventDate "2020.11.21"]
[EventType "team-tourn"]
[EventCountry "NET"]
[SourceTitle "playchess.com"]
[Source "ChessBase"]
[SourceQuality "1"]
[WhiteTeam "Zambia"]
[BlackTeam "Romania"]
[WhiteTeamCountry "ZAM"]
[BlackTeamCountry "ROU"]

1. e4 d5 2. exd5 Qxd5 3. Nc3 Qa5 4. d3 c6 5. Bd2 Bf5 6. Nf3 e6 7. Be2 Nf6 8. Ne4 Qd8 9. Nxf6+ gxf6 10. Bc3 Nd7 11. Nd4 Bg6 12. Qd2 h5 13. f4 e5 14. fxe5 fxe5 15. Nf3 Bg7 16. h3 Qe7 17. h4 O-O-O 18. Ng5 f6 19. Nh3 Bh6 20. Qd1 Nb6 21. Bd2 Bg7 22. a3 Nd5 23. Nf2 e4 24. Bb4 c5 25. Ba5 b6 26. d4 Ne3 27. Ba6+ Kb8 0-1

[Event "FIDE Olympiad Disabilties 2020"]
[Site "Online"]
[Date "2020.11.21"]
[Round "1.20"]
[White "Frink, Ferenc"]
[Black "Mappa, Saharuddin"]
[Result "1/2-1/2"]
[WhiteElo "2056"]
[BlackElo "1695"]
[Annotator "NA"]
[PlyCount "156"]
[EventDate "2020.11.21"]
[EventType "team-tourn"]
[EventCountry "NET"]
[SourceTitle "playchess.com"]
[Source "ChessBase"]
[SourceQuality "1"]
[WhiteTeam "Hungary"]
[BlackTeam "Malaysia"]
[WhiteTeamCountry "HUN"]
[BlackTeamCountry "MAS"]

1. e4 e5 2. Nf3 d6 3. Bc4 Be7 4. O-O Nf6 5. d4 exd4 6. Qxd4 O-O 7. Nc3 Nc6 8. Qe3 Ng4 9. Qe2 Nge5 10. h3 Bf6 11. Be3 Re8 12. Rad1 a6 13. a4 Bd7 14. Nd5 Be6 15. Nxf6+ Qxf6 16. Bxe6 Rxe6 17. Nd4 Nxd4 18. Bxd4 Qe7 19. Rfe1 Nc6 20. Bc3 Re8 21. f4 Rxe4 22. Qg4 Qf8 23. Rxe4 Rxe4 24. Rd3 Ne5 25. Bxe5 dxe5 26. Qd1 exf4 27. Rd8 Re8 28. Rd7 Qc5+ 29. Kh2 h6 30. Qg4 Qe5 31. Qf3 b6 32. Kh1 a5 33. Qb3 Re6 34. Rd8+ Kh7 35. Qd3+ Rg6 36. Rd7 Qe1+ 37. Kh2 Qe5 38. Kh1 Qe1+ 39. Kh2 Qe6 40. Rd4 Qc6 41. Re4 f5 42. Re2 Qd6 43. Rf2 f3+ 44. Qxd6 Rxd6 45. Rxf3 g6 46. Re3 Rd7 47. Re6 h5 48. h4 Kh6 49. Kg3 Rd2 50. Rc6 Rd7 51. b3 Re7 52. Kf3 Kg7 53. c3 Kh6 54. g3 Kg7 55. b4 axb4 56. cxb4 Kh6 57. a5 bxa5 58. bxa5 Re5 59. a6 Ra5 60. Kf4 Ra3 61. Ke5 Rxg3 62. Rxc7 Ra3 63. a7 Ra6 64. Kf4 Ra4+ 65. Ke5 f4 66. a8=Q Rxa8 67. Kxf4 Rf8+ 68. Kg3 Rg8 69. Kf4 Rg7 70. Rc8 Rf7+ 71. Kg3 Kg7 72. Rc6 Re7 73. Rb6 Kf7 74. Kf4 Rc7 75. Kg5 Rc5+ 76. Kh6 Rc4 77. Rxg6 Rxh4 78. Rg5 Rh1 1/2-1/2

[Event "FIDE Olympiad Disabilties 2020"]
[Site "Online"]
[Date "2020.11.21"]
[Round "1.20"]
[White "Szilagyi, Samuel Attila"]
[Black "Siti Safura Jaafar"]
[Result "1-0"]
[WhiteElo "1912"]
[BlackElo "1231"]
[Annotator "NA"]
[PlyCount "79"]
[EventDate "2020.11.21"]
[EventType "team-tourn"]
[EventCountry "NET"]
[SourceTitle "playchess.com"]
[Source "ChessBase"]
[SourceQuality "1"]
[WhiteTeam "Hungary"]
[BlackTeam "Malaysia"]
[WhiteTeamCountry "HUN"]
[BlackTeamCountry "MAS"]

1. e4 c5 2. Nf3 Nc6 3. c3 e5 4. d4 cxd4 5. cxd4 d6 6. Bb5 a6 7. Bxc6+ bxc6 8. dxe5 Bg4 9. exd6 Bxd6 10. Nc3 Ne7 11. O-O O-O 12. Re1 Qc7 13. h3 Bh5 14. Be3 Rad8 15. Qe2 a5 16. Rac1 Kh8 17. Nb5 Bxf3 18. Qxf3 Bh2+ 19. Kh1 Qe5 20. Nc3 f5 21. g3 f4 22. Bxf4 Rxf4 23. Qxf4 Qc5 24. Kxh2 Ng6 25. Qe3 Qe5 26. f4 Qb8 27. Re2 Rd7 28. e5 Qd8 29. Ne4 Ne7 30. Nd6 Nd5 31. Qc5 h6 32. Qxc6 Nb4 33. Qc4 Kh7 34. a3 Na2 35. Qxa2 Qb6 36. Qe6 Qa7 37. f5 Re7 38. Qg6+ Kg8 39. Rc8+ Re8 40. Rxe8# 1-0